Normal view
MARC view
- Sokol, David B
Entry Personal Name
001 - CONTROL NUMBER
- control field: 120400
003 - CONTROL NUMBER IDENTIFIER
- control field: NUST
005 - DATE AND TIME OF LATEST TRANSACTION
- control field: 20240214154249.0
008 - FIXED-LENGTH DATA ELEMENTS
- fixed length control field: 240214|| aca||aabn | a|a d
040 ## - CATALOGING SOURCE
- Original cataloging agency: NUST
- Transcribing agency: NUST
100 ## - HEADING--PERSONAL NAME
- Personal name: Sokol, David B
670 ## - SOURCE DATA FOUND
- Source citation: Work cat.: (NUST): Sokol, David B., Contemporary Design in Scandinavia/, 2011.
